00458nam a22001577a 450000500170000000800410001702000150005804100120007308200140008510000250009924500480012425000200017226000560019230000270024865000250027520231115092942.0231115b |||||||| |||| 00| 0 eng d a0407002448 aEnglish a344.4 MAS aMason, JK lEnglish  aForensic Medicine for Lawyers / cJK Mason  aSecond Edition  aDurban : bButterworth Publishers (Pty) Ltd, c1983 bxv, 418 pagesc25 cm.  aLegal practice bLaw